| 000 | 00733nam a2200241 a 4500 | ||
|---|---|---|---|
| 001 | 4331365 | ||
| 003 | ARRUPE | ||
| 005 | 20130926124119.0 | ||
| 008 | 890210s1988 inu b 000 0 eng | ||
| 010 | _a 88071083 | ||
| 020 |
_a0877933804 : _c$5.95 |
||
| 040 |
_aDLC _cDLC _dDLC |
||
| 050 | 0 | 0 |
_aBX2352.5 _b.P32 1988 |
| 100 | 1 |
_aPable, Martin W. _91388 |
|
| 245 | 1 | 2 |
_aA man and his God : _bcontemporary male spirituality / _cMartin W. Pable. |
| 260 |
_aNotre Dame, IN : _bAve Maria Press, _cc1988. |
||
| 300 |
_a143 p. ; _c21 cm. |
||
| 504 | _aBibliography: p. 143. | ||
| 650 | 0 |
_aMen _xReligious life. _91389 |
|
| 650 | 0 |
_aSpirituality. _91390 |
|
| 906 |
_a7 _bcbc _corignew _d3 _eopcn _f19 _gy-gencatlg |
||
| 942 |
_2lcc _cMONOGRAPH |
||
| 999 |
_c118080 _d118080 |
||